• 首页
  • 本馆介绍
  • 公告通知
  • 最新文献
  • 馆藏检索
  • 电子资源
  • 读者导购
  • 参考咨询
  • 我的图书馆
  • 登录
  • 详细信息显示
  • 放入我的书架
  • 预约/预借图书
  • 作者相关作品
  • 分类相关作品
  • 丛书相关作品
  • 出版社相关作品

书目信息

  • 表格格式
  • 工作单格式
  • 卡片格式
题名:
新时代出版事业的新探索
    
 
作者: 李天燕 , 王军 主编
分册:  
出版信息: 成都   四川大学出版社  2017
页数: 402页
开本: 21cm
丛书名:
单 册:
中图分类: G239.22
科图分类:
主题词: 高等学校--出版社--研究--中国
电子资源:
ISBN: 978-7-5690-1472-3
000 00995nam0 2200241 450
001 2348041744
005 20231207132115.39
010    @a978-7-5690-1472-3@dCNY56.00
100    @a20180706d2017 em y0chiy50 ea
101 0  @achi
102    @aCN@b510000
105    @aa a 000yy
200 1  @a新时代出版事业的新探索@Axin shi dai chu ban shi ye de xin tan suo@f主编李天燕, 王军
210    @a成都@c四川大学出版社@d2017
215    @a402页@c图@d21cm
320    @a有书目
330    @a本书汇集了四川大学出版社等单位职工在党的十九大精神指引下, 对新时代我国出版事业, 特别是我国高校出版事业发展目标、实施路径和对策的思考。论文包括出版企业党的建设与企业文化建设, 高校出版社的特色化建设, 出版社人才队伍建设, 编辑与出版业务探讨等内容。该研究成果对于探索出版社在新时代开拓发展新路径具有借鉴意义。
606 0  @a高等学校@x出版社@x研究@y中国
690    @aG239.22@v5
701  0 @a李天燕@Ali tian yan@4主编
701  0 @a王军@Awang jun@4主编
801  0 @aCN@b湖北三新@c20180706
905    @aZUCC@dG239.22@e4
    
    新时代出版事业的新探索/主编李天燕, 王军.-成都:四川大学出版社,2017
    402页:图;21cm
    
    
    ISBN 978-7-5690-1472-3:CNY56.00
    本书汇集了四川大学出版社等单位职工在党的十九大精神指引下, 对新时代我国出版事业, 特别是我国高校出版事业发展目标、实施路径和对策的思考。论文包括出版企业党的建设与企业文化建设, 高校出版社的特色化建设, 出版社人才队伍建设, 编辑与出版业务探讨等内容。该研究成果对于探索出版社在新时代开拓发展新路径具有借鉴意义。
●
相关链接 在五车中查询图书 在当当中查询图书 在豆瓣中查询图书


正题名:新时代出版事业的新探索     索取号:G239.22/4         预约/预借

序号 登录号 条形码 馆藏地/架位号 状态 备注
1 2001374844   2001374844   516书库/ [索取号:G239.22/4] 在馆    
2 2001374845   2001374845   516书库/ [索取号:G239.22/4] 在馆    
3 2001374846   2001374846   516书库/ [索取号:G239.22/4] 在馆    
4 2001374847   2001374847   516书库/ [索取号:G239.22/4] 在馆    
5 2001374848   2001374848   516书库/ [索取号:G239.22/4] 在馆    
6 2001374849   2001374849   516书库/ [索取号:G239.22/4] 在馆    
7 2001374850   2001374850   516书库/ [索取号:G239.22/4] 在馆    
8 2001374851   2001374851   516书库/ [索取号:G239.22/4] 在馆    
9 2001374852   2001374852   516书库/ [索取号:G239.22/4] 在馆    
10 2001374853   2001374853   516书库/ [索取号:G239.22/4] 在馆    
11 2001374854   2001374854   516书库/ [索取号:G239.22/4] 在馆    
12 2001374855   2001374855   516书库/ [索取号:G239.22/4] 在馆    
13 2001374856   2001374856   516书库/ [索取号:G239.22/4] 在馆    
14 2001374857   2001374857   516书库/ [索取号:G239.22/4] 在馆    
15 2001374858   2001374858   516书库/ [索取号:G239.22/4] 在馆    
16 2001374859   2001374859   516书库/ [索取号:G239.22/4] 在馆    
17 2001374860   2001374860   516书库/ [索取号:G239.22/4] 在馆    
18 2001374861   2001374861   516书库/ [索取号:G239.22/4] 在馆    
19 2001374862   2001374862   516书库/ [索取号:G239.22/4] 在馆    
20 2001374863   2001374863   516书库/ [索取号:G239.22/4] 在馆    
21 2001374864   2001374864   516书库/ [索取号:G239.22/4] 在馆    
22 2001374865   2001374865   516书库/ [索取号:G239.22/4] 在馆    
23 2001374866   2001374866   516书库/ [索取号:G239.22/4] 在馆    
24 2001374867   2001374867   516书库/ [索取号:G239.22/4] 在馆    
25 2001374868   2001374868   516书库/ [索取号:G239.22/4] 在馆    
26 2001374869   2001374869   516书库/ [索取号:G239.22/4] 在馆    
27 2001374870   2001374870   516书库/ [索取号:G239.22/4] 在馆    
28 2001374871   2001374871   516书库/ [索取号:G239.22/4] 在馆    
29 2001374872   2001374872   516书库/ [索取号:G239.22/4] 在馆    
30 2001374873   2001374873   516书库/ [索取号:G239.22/4] 在馆    
山东省滨州职业学院图书馆 欢迎您!
大连网信软件有限公司© 版权所有